| 000 | 004460000a22001690004500 | ||
|---|---|---|---|
| 003 | MACL | ||
| 005 | 20151231171600.0 | ||
| 008 | 151231b xxu||||| |||| 00| 0 eng d | ||
| 040 |
_aMACL _cMACL |
||
| 041 | _aEnglish | ||
| 082 | _a373/FIN | ||
| 100 |
_aFindlay, J J _926049 |
||
| 245 |
_aThe School _bAn Introduction to the study of education |
||
| 260 |
_bWilliams and Norgate _aLondon |
||
| 650 |
_aEducation _926050 |
||
| 942 |
_cBK _k373/FIN _2ddc |
||
| 999 |
_c37352 _d37352 |
||